| 000 | 00590nam a2200193Ia 4500 | ||
|---|---|---|---|
| 005 | 20250520131758.0 | ||
| 008 | 240825s9999 xx 000 0 und d | ||
| 020 |
_a9789393850386 _qpbk |
||
| 041 | _aeng | ||
| 082 | _a347.5 MAC | ||
| 100 | _aMacmillan, RT. Hon. Lord | ||
| 245 | 2 |
_aA Man Of Law's Tale _b: the reminiscences of the rt hon lord macmillan _c/ RT. Hon. Lord Macmillan |
|
| 250 | _a1st ed. | ||
| 260 |
_bLaw & Justice Publishing Co., _c2023. _aNew Delhi : |
||
| 300 |
_a378p. ; _c23cm. _bviii ; |
||
| 504 | _aindex | ||
| 650 | _aCivil procedure & courts | ||
| 942 | _cENGLISH | ||
| 999 |
_c549755 _d549755 |
||